000 00668nam a22002177a 4500
003 UA-OsUOA
001 102857
007 ta
008 20131007b un ||||| |||| 00| 0 ukr d
100 _aТарасюк Н.
090 _a82
_bТ19
942 _cSA
040 _aUA-OsUOA
_bfre
_cUA-OsUOA
_dUA-OsUOA
245 _aЛеся Українска і німецька література
300 _aС.61-63
955 _a0
041 _afre
080 _a82
773 0 _w102854
_tУкраїнська література в загальноосвітній школі
_dК.
_d2013
_g8
650 7 _a82 Література. Літературознавство
_2UDC
999 _c388856
_d388856